00474 a2200169 450000100060000002000180000604000240002410000220004824000340007024500290010430000070013336200090014065000240014994200070017395201070018099900170028769761 a9788578411824 cAnchieta - Itaigara aRischbieter, Luca10aO planetinha tosse tosselpor10aO planetinha tosse tosse a190 a2009 4aLiteratura infantil cBK 00104070a88.1b88.1d2023-11-21l0oLI 028.5 RIS PLAp2458/ITAr2023-11-21 20:04:28w2023-11-21yBK c69761d69761